00936nam a22002177a 4500999001900000005001700019010001500036020003000051035001400081037001300095082001000108100001800118245012200136250000800258260006800266270015600334300004300490700002700533942002400560952013400584 c176576d17657620210111115258.0 aENG-128739 a978-93-534-3541-7c799.00 aEN-112271 bDBAD/PUB a658.8 aWirtz, Jochen aEssentials of Services Marketing/bJochen Wirtz and Christopher Lovelock; Adapted by Jayanta Chatterjee and Gopal Das a3rd aUttar PradeshbPearson India Education Services Pvt. Ltd.c2020 bUttar Pradeshe201301a15th Floor, Tower-B, World Trade Tower, Plot No.- 1, Block-C, Sector-16, Noidamcompanysecretary.india@pearson.comk044-66540100 avii+675p.c25cm(pbk)bIncluding Index. aLovelock, Christopher  2ddccENh658.8mWIR 001040708NFICaZLSbZLSd2021-01-11eDBAD/PUBg799.00l1o658.8 WIRpEN-112271r2022-12-20 00:00:00s2022-11-28t1v799.00yEN